Score 0/50 Timer 05:00
0 Plays Today
Continent/Region Country % Correct
Asia Japan
96.1%
AsiaChina
94.9%
North AmericaUnited States
90.1%
EuropeUnited Kingdom
89.7%
EuropeGermany
87.4%
North AmericaCanada
86.3%
EuropeFrance
85.7%
Asia South Korea
85.4%
EuropeSpain
82.9%
EuropeSweden
82.7%
EuropeRussia
82.3%
EuropeItaly
82%
OceaniaAustralia
79.2%
EuropeNorway
78.6%
EuropeFinland
77.3%
EuropeSwitzerland
73.2%
EuropePortugal
72.3%
EuropeDenmark
72%
EuropePoland
70.3%
EuropeNetherlands
70%
EuropeAustria
69.1%
EuropeGreece
69.1%
OceaniaNew Zealand
68.6%
EuropeBelgium
67.9%
EuropeIreland
63.3%
Continent/Region Country % Correct
EuropeCzech Republic
62.8%
South AmericaArgentina
60.8%
EuropeLuxembourg
60.6%
EuropeIceland
60.3%
Middle EastIsrael
59.9%
EuropeHungary
59.1%
EuropeUkraine
58.1%
EuropeLatvia
57%
AsiaSingapore
56.3%
AsiaVietnam
55.1%
EuropeSlovakia
55%
EuropeRomania
54.7%
EuropeEstonia
54.5%
EuropeSlovenia
53.2%
EuropeBulgaria
49.2%
AsiaMongolia
47%
EuropeBelarus
46.2%
South AmericaUruguay
42.3%
EuropeAndorra
41.3%
EuropeMalta
40.5%
AsiaMalaysia
38.7%
EuropeMoldova
35%
Middle EastGeorgia
31.3%
AsiaKazakhstan
29.5%
Middle EastArmenia
28.2%
Remove Ads.
Support Sporcle.
Get the best of Sporcle when you Go Orange. This ad-free experience offers more features, more stats, and more fun while also helping to support Sporcle. Thank you for becoming a member.

You're not logged in!

Compare scores with friends on all Sporcle quizzes.
OR
Log In

Show Comments

Extras

Top Quizzes Today


Score Distribution

Your Account Isn't Verified!

In order to create a playlist on Sporcle, you need to verify the email address you used during registration. Go to your Sporcle Settings to finish the process.

Report this User

Report this user for behavior that violates our Community Guidelines.

Details: